书目信息 |
| 题名: |
消费者权益保护法实用案例
|
|
| 作者: | 赵松梅 编著 | |
| 分册: | ||
| 出版信息: | 呼和浩特 内蒙古人民出版社 2010.03 |
|
| 页数: | 280页 | |
| 开本: | 23cm | |
| 丛书名: | 现代公民法律实用丛书 | |
| 单 册: | ||
| 中图分类: | D923.85 | |
| 科图分类: | ||
| 主题词: | 消费者权益保护法--xiao fei zhe quan yi bao hu fa--案例--分析--中国 | |
| 电子资源: | ||
| ISBN: | 978-7-204-10194-8 | |
| 000 | 00964nam 2200241 450 | |
| 001 | CAL 012010273152 | |
| 005 | 20111230090710.09 | |
| 010 | @a978-7-204-10194-8@dCNY35.00 | |
| 100 | @a20101228d2010 em y0chiy50 ea | |
| 101 | 0 | @achi |
| 102 | @aCN@b150000 | |
| 105 | @ay z 000yy | |
| 200 | 1 | @a消费者权益保护法实用案例@Axiao fei zhe quan yi bao hu fa shi yong an li@f赵松梅编著 |
| 210 | @a呼和浩特@c内蒙古人民出版社@d2010.03 | |
| 215 | @a280页@d23cm | |
| 225 | 2 | @a现代公民法律实用丛书@Axian dai gong min fa lu^ shi yong cong shu |
| 330 | @a本书主要内容包括: 消费者的权利 ; 消费者的义务 ; 维权常识 ; 正确消费 ; 索要发票 ; 交易原则 ; 消费者协会 ; 强制交易 ; 经营者的最低消费额等。 | |
| 410 | 0 | @12001 @a现代公民法律实用丛书 |
| 606 | 0 | @a消费者权益保护法@Axiao fei zhe quan yi bao hu fa@x案例@x分析@y中国 |
| 690 | @aD923.85@v4 | |
| 701 | 0 | @a赵松梅@Azhao song mei@4编著 |
| 801 | 0 | @aCN@bLNNUL@c20111230 |
| 905 | @a郑州市财税学校图书馆@dD923.85@eZ324@f3 | |
| 消费者权益保护法实用案例/赵松梅编著.-呼和浩特:内蒙古人民出版社,2010.03 |
| 280页;23cm.-(现代公民法律实用丛书) |
| ISBN 978-7-204-10194-8:CNY35.00 |
| 本书主要内容包括: 消费者的权利 ; 消费者的义务 ; 维权常识 ; 正确消费 ; 索要发票 ; 交易原则 ; 消费者协会 ; 强制交易 ; 经营者的最低消费额等。 |
| ● |
| 相关链接 |
|
|
|
正题名:消费者权益保护法实用案例
索取号:D923.85/Z324
 
预约/预借
| 序号 | 登录号 | 条形码 | 馆藏地/架位号 | 状态 | 备注 |
| 1 | 1187392 | 211873926 | 社科库509/509社科库 95排1列5层/ [索取号:D923.85/Z324] | 在馆 | |
| 2 | 1187393 | 211873935 | 社科库509/509社科库 95排1列5层/ [索取号:D923.85/Z324] | 在馆 | |
| 3 | 1187394 | 211873944 | 社科库509/509社科库 95排1列5层/ [索取号:D923.85/Z324] | 在馆 |